000 00764cam a22002533a 4500
001 1053
003 PGUSA
005 20140828082956.0
008 970901s1997||||xxu|||||s|||||000 1 eng d
040 _aPGUSA
_beng
042 _adc
050 4 _aPR
100 1 _aConrad, Joseph,
_d1857-1924
245 1 0 _aWithin the Tides :
_bTales
_h[electronic resource] /
_cJoseph Conrad
260 _bProject Gutenberg,
_c1997
505 0 _aThe planter of Malata -- The partner -- The inn of the two witches -- Because of the dollars.
506 _aPublic domain in the USA.
516 _aElectronic text
653 _aShort stories, English
653 _aFiction
830 0 _aProject Gutenberg
_v1053
856 4 0 _uhttp://www.gutenberg.org/ebooks/1053
942 _cEB
999 _c230404
_d230404